| 000 | 00333nam a22001097a 4500 | ||
|---|---|---|---|
| 008 | 240730b |||||||| |||| 00| 0 eng d | ||
| 040 |
_aNational Science Library _cNational Science Library |
||
| 080 |
_aR 030.1=40 _bK3.8 |
||
| 245 | _aGrand larousse encyclopedique | ||
| 260 |
_aParis: _bLibrairie Larousse, _c1963 |
||
| 942 |
_2udc _cENC |
||
| 999 |
_c65318 _d65318 |
||